| 000 -LEADER |
| fixed length control field |
00500cam a22001457a 4500 |
| 008 - FIXED-LENGTH DATA ELEMENTS--GENERAL INFORMATION |
| fixed length control field |
180718b1974 xxu||||| |||| 00| 0 eng d |
| 082 ## - DEWEY DECIMAL CLASSIFICATION NUMBER |
| Classification number |
B262x54 D642 |
| 100 ## - MAIN ENTRY--PERSONAL NAME |
| Personal name |
Singh, Diwakar Prasad |
| 245 ## - TITLE STATEMENT |
| Title |
American attitude towards the Indian nationalist movement |
| Statement of responsibility, etc. |
by Diwakar Prasad Singh |
| 260 ## - PUBLICATION, DISTRIBUTION, ETC. |
| Place of publication, distribution, etc. |
Delhi |
| Name of publisher, distributor, etc. |
Munshiram Monoharlal |
| Date of publication, distribution, etc. |
1974 |
| 300 ## - PHYSICAL DESCRIPTION |
| Extent |
362p. |
| 650 ## - SUBJECT ADDED ENTRY--TOPICAL TERM |
| Topical term or geographic name entry element |
India --Foreign relations --United States. |
| 650 ## - SUBJECT ADDED ENTRY--TOPICAL TERM |
| Topical term or geographic name entry element |
United States --Foreign relations --India |
| 650 ## - SUBJECT ADDED ENTRY--TOPICAL TERM |
| Topical term or geographic name entry element |
Nationalism --India |